[Event "75th Russian Championship"]
[Site "Cheboksary RUS"]
[Date "2022.09.20"]
[Round "9"]
[White "Daniil Dubov"]
[Black "Volodar Murzin"]
[Result "1-0"]
[EventDate "2022.09.11"]
[WhiteElo "2702"]
[BlackElo "2534"]
[PlyCount "66"]

1. e4 c6 2. d4 d5 3. e5 Bf5 4. h4 h5 5. Bd3 Bxd3 6. Qxd3 Qa5+ 7. Nd2 e6 8. Ne2 Qa6 9. c4 Ne7 10. O-O Nf5 11. Rb1 Nd7 12. b4 Be7 13. b5 Qa5 14. c5 O-O 15. Nf3 f6 16. bxc6 bxc6 17. Rb7 Qd8 18. Nf4 Qc8 19. Nxe6 fxe5 20. Nxf8 e4 21. Qb1 Bxf8 22. Bf4 Nf6 23. Re1 Ne8 24. Rb8 Rxb8 25. Qxb8 Qxb8 26. Bxb8 a6 27. Kf1 Be7 28. Ne5 Nxd4 29. Rd1 Bxc5 30. Nd7 Ne6 31. Rc1 Be7 32. Rxc6 Nd4 33. Rxa6 1-0

[Event "75th Russian Championship"]
[Site "Cheboksary RUS"]
[Date "2022.09.19"]
[Round "8.5"]
[White "Vladislav Artemiev"]
[Black "Daniil Dubov"]
[Result "1/2-1/2"]
[EventDate "2022.09.11"]
[WhiteElo "2706"]
[BlackElo "2702"]
[PlyCount "104"]

1. Nf3 d5 2. g3 g6 3. Bg2 Bg7 4. d4 Nf6 5. O-O O-O 6. c4 c6 7. cxd5 cxd5 8. Nc3 Ne4 9. Nd2 Nxd2 10. Bxd2 e6 11. e3 Nc6 12. Rc1 Bd7 13. Re1 Re8 14. Ne2 Qb6 15. Bc3 Nb4 16. Ra1 a5 17. Nf4 Qd6 18. Qb3 Bb5 19. Bf1 Bc4 20. Bxb4 Qc6 21. Qc3 axb4 22. Qxb4 Bf8 23. Qc3 Rxa2 24. Rxa2 Bxa2 25. Qxc6 bxc6 26. Ra1 Bb3 27. Nd3 Bd6 28. Ra6 Bc4 29. Rxc6 Bxd3 30. Bxd3 Rd8 31. b3 Kf8 32. Kf1 Ke7 33. Bb5 Ra8 34. Ba4 Ra7 35. h3 Rc7 36. Rb6 Rc2 37. Bb5 Rb2 38. Rb7+ Kf8 39. Bd3 Rd2 40. Be2 Rb2 41. h4 Rb1+ 42. Kg2 Rb2 43. Bf3 h5 44. g4 hxg4 45. Bxg4 f5 46. Bd1 Be7 47. Rb8+ Kg7 48. Rb7 Kf8 49. Kg3 Rd2 50. Bf3 Bd6+ 51. Kg2 Be7 52. Kg3 1/2-1/2

[Event "75th Russian Championship"]
[Site "Cheboksary RUS"]
[Date "2022.09.18"]
[Round "7.3"]
[White "Daniil Dubov"]
[Black "Evgeny Tomashevsky"]
[Result "1/2-1/2"]
[EventDate "2022.09.11"]
[WhiteElo "2702"]
[BlackElo "2700"]
[PlyCount "58"]

1. e4 e5 2. Nf3 Nc6 3. Bb5 a6 4. Ba4 Nf6 5. O-O Be7 6. Re1 b5 7. Bb3 O-O 8. a4 b4 9. d4 d6 10. dxe5 Nxe5 11. Nxe5 dxe5 12. Qe2 Bc5 13. Be3 Bd4 14. Bxd4 Qxd4 15. Rd1 Bg4 16. Rxd4 Bxe2 17. Rxb4 a5 18. Rb7 Rfc8 19. Ba2 Nxe4 20. Rb3 Bc4 21. Re3 Bxa2 22. Rxe4 Bxb1 23. Rxb1 f6 24. Rd1 Rab8 25. b3 Rd8 26. Rxd8+ Rxd8 27. Kf1 c5 28. Rc4 Rd5 29. c3 1/2-1/2

[Event "75th Russian Championship"]
[Site "Cheboksary RUS"]
[Date "2022.09.16"]
[Round "6"]
[White "Andrey Esipenko"]
[Black "Daniil Dubov"]
[Result "1/2-1/2"]
[EventDate "2022.09.11"]
[WhiteElo "2678"]
[BlackElo "2702"]
[PlyCount "42"]

1. e4 e5 2. Nf3 Nc6 3. Bb5 a6 4. Ba4 Nf6 5. O-O Nxe4 6. d4 b5 7. Bb3 d5 8. dxe5 Be6 9. c3 Bc5 10. Nbd2 O-O 11. Bc2 Bf5 12. Nb3 Bb6 13. Nfd4 Ne7 14. Nxf5 Nxf5 15. Bxe4 dxe4 16. Qg4 Qd7 17. Qxe4 Rae8 18. Bf4 f6 19. Rae1 fxe5 20. Bxe5 Nh6 21. Nd4 1/2-1/2

[Event "75th Russian Championship"]
[Site "Cheboksary RUS"]
[Date "2022.09.15"]
[Round "5"]
[White "Daniil Dubov"]
[Black "S Sjugirov"]
[Result "1/2-1/2"]
[EventDate "2022.09.11"]
[WhiteElo "2702"]
[BlackElo "2703"]
[PlyCount "34"]

1. e4 c6 2. d4 d5 3. Nc3 dxe4 4. Nxe4 Bf5 5. Ng3 Bg6 6. h4 h6 7. Bd3 Bxd3 8. Qxd3 e6 9. Bf4 Nf6 10. O-O-O Bd6 11. N1e2 Bxf4+ 12. Nxf4 Nbd7 13. Kb1 Qa5 14. Qf3 O-O-O 15. Ngh5 Nxh5 16. Nxh5 Qd5 17. Qxd5 1/2-1/2

[Event "75th Russian Championship"]
[Site "Cheboksary RUS"]
[Date "2022.09.14"]
[Round "4"]
[White "Arseniy Nesterov"]
[Black "Daniil Dubov"]
[Result "0-1"]
[EventDate "2022.09.11"]
[WhiteElo "2575"]
[BlackElo "2702"]
[PlyCount "104"]

1. d4 e6 2. c4 Bb4+ 3. Bd2 Be7 4. Nc3 d5 5. Nf3 Nf6 6. Bg5 h6 7. Bxf6 Bxf6 8. e3 O-O 9. h4 g6 10. h5 g5 11. cxd5 exd5 12. Bd3 Bg7 13. Bc2 Be6 14. Ne5 c5 15. Qd3 f5 16. Ng6 Rf7 17. dxc5 Na6 18. O-O Nxc5 19. Qe2 Qb6 20. Nb5 Bxb2 21. Rab1 Bg7 22. Nd4 Qd6 23. Rfd1 Rd8 24. Qf3 Ne4 25. Rd3 Bxd4 26. Rxd4 Nc3 27. Re1 Rc8 28. Bb3 b5 29. a4 b4 30. a5 Kg7 31. Qg3 Qxg3 32. fxg3 Rb7 33. g4 Rc5 34. a6 Rb6 35. gxf5 Bxf5 36. Ne7 Be4 37. Kh2 Rxa6 38. Rxb4 Rb6 39. Rxb6 axb6 40. Ra1 Rb5 41. Ra7 Kf8 42. Nc6 Rxb3 43. Nd4 Rb2 44. Ne6+ Kg8 45. Rg7+ Kh8 46. Rf7 Rxg2+ 47. Kh3 g4+ 48. Kh4 Rh2+ 49. Kxg4 Rg2+ 50. Kh4 d4 51. exd4 Nd5 52. Nf4 Kg8 0-1

[Event "75th Russian Championship"]
[Site "Cheboksary RUS"]
[Date "2022.09.13"]
[Round "3"]
[White "Daniil Dubov"]
[Black "M Matlakov"]
[Result "1/2-1/2"]
[EventDate "2022.09.11"]
[WhiteElo "2702"]
[BlackElo "2671"]
[PlyCount "42"]

1. e4 e5 2. Nf3 Nc6 3. d4 exd4 4. Nxd4 Nf6 5. Nxc6 bxc6 6. e5 Qe7 7. Qe2 Nd5 8. c4 Ba6 9. Nd2 O-O-O 10. b3 d6 11. Qg4+ Kb8 12. cxd5 Qxe5+ 13. Kd1 Bxf1 14. Rxf1 Qxa1 15. Qb4+ Ka8 16. Qa4 Qc3 17. Bb2 Qxb2 18. Qxc6+ Kb8 19. Qb5+ Ka8 20. Qc6+ Kb8 21. Qb5+ Ka8 1/2-1/2

[Event "75th Russian Championship"]
[Site "Cheboksary RUS"]
[Date "2022.09.12"]
[Round "2.2"]
[White "Evgeniy Najer"]
[Black "Daniil Dubov"]
[Result "1/2-1/2"]
[EventDate "2022.09.11"]
[WhiteElo "2676"]
[BlackElo "2702"]
[PlyCount "32"]

1. e4 e5 2. Nf3 Nc6 3. Bb5 a6 4. Bxc6 dxc6 5. O-O Qd6 6. Na3 b5 7. c3 c5 8. Nc2 Bb7 9. d4 exd4 10. cxd4 cxd4 11. Nfxd4 Nf6 12. f3 Qe5 13. f4 Qh5 14. Qxh5 Nxh5 15. e5 g6 16. Be3 c5 1/2-1/2

[Event "75th Russian Championship"]
[Site "Cheboksary RUS"]
[Date "2022.09.11"]
[Round "1.6"]
[White "Daniil Dubov"]
[Black "Maksim Chigaev"]
[Result "1/2-1/2"]
[EventDate "2022.09.11"]
[WhiteElo "2702"]
[BlackElo "2641"]
[PlyCount "36"]

1. Nf3 Nf6 2. c4 e6 3. g3 d5 4. Bg2 dxc4 5. O-O Nbd7 6. Qc2 Nb6 7. Rd1 Bd6 8. a4 a5 9. Na3 O-O 10. Nxc4 Nxc4 11. Qxc4 e5 12. d3 h6 13. Bd2 Qe7 14. Qc2 c6 15. Bc3 Re8 16. Nd2 Be6 17. d4 exd4 18. Bxd4 Bb4 1/2-1/2

[Event "FIDE Grand Prix Berlin"]
[Site "Berlin GER"]
[Date "2022.02.10"]
[Round "6.6"]
[White "Levon Aronian"]
[Black "Daniil Dubov"]
[Result "1/2-1/2"]
[EventDate "?"]
[WhiteElo "2772"]
[BlackElo "2720"]
[PlyCount "42"]

1. e4 c5 2. Nf3 d6 3. d4 cxd4 4. Nxd4 Nf6 5. Nc3 a6 6. Be3 e5 7. Nb3 Be6 8. f3 Nbd7 9. Qd2 b5 10. a4 b4 11. Nd5 Bxd5 12. exd5 Nb6 13. Bxb6 Qxb6 14. a5 Qb7 15. Bc4 Be7 16. Ra4 Rb8 17. Qd3 Ra8 18. Qd2 Rb8 19. Qd3 Ra8 20. Qd2 Rb8 21. Qd3 Ra8 1/2-1/2

[Event "FIDE Grand Prix Berlin"]
[Site "Berlin GER"]
[Date "2022.02.09"]
[Round "5.6"]
[White "Daniil Dubov"]
[Black "Vidit Gujrathi"]
[Result "1/2-1/2"]
[EventDate "?"]
[WhiteElo "2720"]
[BlackElo "2727"]
[PlyCount "84"]

1. d4 d5 2. c4 e6 3. Nc3 Nf6 4. Nf3 c5 5. e3 Nc6 6. a3 dxc4 7. Bxc4 a6 8. O-O b5 9. Ba2 Bb7 10. Qe2 cxd4 11. Rd1 b4 12. exd4 bxc3 13. d5 Nxd5 14. Rxd5 Qc7 15. Rd3 Be7 16. Rxc3 O-O 17. Be3 Rac8 18. Rac1 Qb8 19. Bb1 Bf6 20. Rc5 Ne7 21. b4 g6 22. Bd3 Qa8 23. h3 Nd5 $6 24. Bh6 Rxc5 25. Rxc5 Rc8 26. Ne5 Rxc5 27. bxc5 Qc8 28. c6 Bxc6 29. Nxc6 Qxc6 30. Bxa6 g5 31. Bd3 Nf4 $6 32. Qe4 Qxe4 33. Bxe4 Bd8 34. Kf1 f5 35. Bc2 $6 Ng6 36. a4 Kf7 37. g3 Kf6 38. Ke2 e5 39. f3 Ba5 40. g4 Nf4+ 41. Kf1 fxg4 42. h4 1/2-1/2

[Event "All Pools | Berlin FIDE Grand Prix"]
[Site "Berlin GER"]
[Date "2022.02.07"]
[Round "4"]
[White " Dubov, Daniil"]
[Black " Keymer, Vincent"]
[Result "1-0"]
[EventDate "?"]
[WhiteElo "2720"]
[BlackElo "2664"]
[PlyCount "64"]

1. e4 c6 2. d4 d5 3. e5 Bf5 4. Nf3 e6 5. Be2 c5 6. Be3 Qb6 7. Nc3 Nc6 8. O-O Qxb2 9. Qe1 cxd4 10. Bxd4 Nxd4 11. Nxd4 Bb4 12. Ndb5 Ba5 13. Rb1 Qxc2 14. Rc1 Qb2 15. Na4 Bxe1 16. Nxb2 Ba5 17. Nd6+ Ke7 18. Nxb7 Bd8 19. Nxd8 Kxd8 20. Rfd1 Rb8 21. Nc4 g5 22. Nd6 Bg6 23. Rd4 Ne7 24. g4 Rb6 25. Bb5 Rb8 26. Ra4 Nc8 27. Rxc8+ Rxc8 28. Rxa7 Rc7 29. Ra8+ Ke7 30. Rxh8 f6 31. Rc8 Ra7 32. Rc6 1-0

[Event "All Pools | Berlin FIDE Grand Prix"]
[Site "Berlin GER"]
[Date "2022.02.06"]
[Round "3"]
[White " Vidit, Santosh Gujrathi"]
[Black " Dubov, Daniil"]
[Result "1-0"]
[EventDate "?"]
[WhiteElo "2727"]
[BlackElo "2720"]
[PlyCount "86"]

1. Nf3 Nf6 2. g3 g6 3. Bg2 Bg7 4. d4 d5 5. c4 c6 6. O-O O-O 7. Qb3 a5 8. cxd5 a4 9. Qd1 cxd5 10. Nc3 Qa5 11. Bd2 Nc6 12. e3 Qa6 13. b3 axb3 14. Qxb3 Na5 15. Qb4 Nc6 16. Qb2 Bf5 17. Rfc1 Rfc8 18. Ne5 Qa3 19. Qxa3 Rxa3 20. g4 Nxg4 21. Nxg4 Bxg4 22. Nxd5 Rca8 23. Nb4 Na5 24. Rab1 Bf8 25. Rc7 Be6 26. d5 Bg4 27. h3 Bf5 28. e4 Bxh3 29. Bc1 Bxg2 30. Bxa3 Bxe4 31. Re1 Bf5 32. Nc2 Bxc2 33. Rxc2 Nc4 34. Rxc4 Rxa3 35. d6 e6 36. Rd1 Rxa2 37. d7 Be7 38. d8=Q+ Bxd8 39. Rxd8+ Kg7 40. Rd7 Ra5 41. Rf4 Rf5 42. Rxf5 exf5 43. f4 1-0

[Event "All Pools | Berlin FIDE Grand Prix"]
[Site "Berlin GER"]
[Date "2022.02.05"]
[Round "2"]
[White " Dubov, Daniil"]
[Black " Aronian, Levon"]
[Result "1/2-1/2"]
[EventDate "?"]
[WhiteElo "2720"]
[BlackElo "2772"]
[PlyCount "72"]

1. d4 Nf6 2. Bf4 d5 3. e3 c5 4. Nf3 Nc6 5. Nbd2 Nh5 6. Be5 e6 7. c4 cxd4 8. cxd5 Qxd5 9. Bc4 Qd8 10. Bxd4 Nxd4 11. Nxd4 Nf6 12. O-O Be7 13. Qb3 O-O 14. Rfd1 Bc5 15. Rac1 Qe7 16. N2f3 b6 17. Bb5 Bb7 18. Bc6 Rac8 19. Bxb7 Qxb7 20. h3 Bxd4 21. Nxd4 Rxc1 22. Rxc1 Rc8 23. Rc4 g6 24. Nb5 Rxc4 25. Qxc4 Qd7 26. Nd4 h5 27. Qc6 Qe7 28. Qc4 Qd7 29. Qc6 Qe7 30. Qc8+ Kg7 31. Qc3 Qd6 32. Nf3 Qd1+ 33. Kh2 Qd6+ 34. Kg1 Qd1+ 35. Kh2 Qd6+ 36. Kg1 1/2-1/2

[Event "All Pools | Berlin FIDE Grand Prix"]
[Site "Berlin GER"]
[Date "2022.02.04"]
[Round "1"]
[White " Keymer, Vincent"]
[Black " Dubov, Daniil"]
[Result "1/2-1/2"]
[EventDate "?"]
[WhiteElo "2664"]
[BlackElo "2720"]
[PlyCount "170"]

1. d4 d5 2. c4 c6 3. Nf3 Nf6 4. e3 Bf5 5. Nc3 e6 6. Nh4 Bg6 7. Nxg6 hxg6 8. Bd2 Nbd7 9. Qb3 Qc7 10. cxd5 exd5 11. O-O-O a5 12. Qc2 Rxh2 13. Rxh2 Qxh2 14. a3 Be7 15. Kb1 Nb6 16. f3 Nc4 17. Bc1 b5 18. e4 b4 19. Qa4 Rc8 20. axb4 Bxb4 21. Na2 Be7 22. Bxc4 dxc4 23. d5 Kf8 24. Qxc4 Qc7 25. dxc6 Qxc6 26. Qxc6 Rxc6 27. Bd2 Ra6 28. Nc1 Ke8 29. Bc3 a4 30. Ka2 g5 31. Nd3 g4 32. Nb4 Bxb4 33. Bxb4 gxf3 34. gxf3 Nd7 35. f4 Rc6 36. Bc3 Nc5 37. Rd4 Ne6 38. Rxa4 Nxf4 39. Bxg7 f6 40. Bh6 Nd3 41. Rd4 Ra6+ 42. Kb1 Nxb2 43. Kxb2 f5 44. Bd2 fxe4 45. Rxe4+ Kd7 46. Kb3 Ra1 47. Kc4 Ra6 48. Bb4 Re6 49. Rh4 Kc6 50. Bc5 Rg6 51. Bd4 Re6 52. Rh1 Rg6 53. Ra1 Rg2 54. Ra6+ Kd7 55. Kd5 Rd2 56. Ra7+ Kd8 57. Kc5 Ke8 58. Ra1 Kd7 59. Kd5 Rd3 60. Rg1 Rd2 61. Rh1 Kc7 62. Rh7+ Kd8 63. Ke5 Kc8 64. Bc5 Rd7 65. Rh8+ Kc7 66. Bd4 Kc6 67. Rh6+ Kb5 68. Ke4 Re7+ 69. Kd3 Rb7 70. Re6 Rb8 71. Rd6 Rb7 72. Ke4 Rh7 73. Rb6+ Kc4 74. Rc6+ Kb5 75. Rc5+ Kb4 76. Rc8 Kb5 77. Be5 Rh4+ 78. Kd5 Rh5 79. Rb8+ Ka5 80. Kd4 Ka6 81. Bc7 Rb5 82. Rg8 Kb7 83. Kc4 Rf5 84. Bg3 Kc6 85. Kd4 1/2-1/2

[Event "World Blitz 2021"]
[Site "Warsaw POL"]
[Date "2021.12.29"]
[Round "8.6"]
[White "Daniil Dubov"]
[Black "Abhimanyu Puranik"]
[Result "1-0"]
[EventDate "2021.12.29"]
[WhiteElo "2720"]
[BlackElo "2604"]
[PlyCount "177"]

1. d4 Nf6 2. Nf3 g6 3. c4 Bg7 4. Nc3 d5 5. cxd5 Nxd5 6. e4 Nxc3 7. bxc3 c5 8. Bb5+ Nc6 9. O-O O-O 10. Bxc6 bxc6 11. Qc2 Qa5 12. Be3 Be6 13. dxc5 Qxc3 14. Qxc3 Bxc3 15. Rac1 Bg7 16. Bd4 Rfd8 17. Bxg7 Kxg7 18. a3 f6 19. e5 Rd3 20. exf6+ exf6 21. Rfe1 Kf7 22. Rb1 Rad8 23. h4 Rxa3 24. Rb4 Rd7 25. Rf4 Bf5 26. g4 Rxf3 27. Rxf3 Bxg4 28. Ra3 Bd1 29. Ra6 Bf3 30. Rea1 Rd4 31. R6a4 Rd5 32. Rf4 Rd3 33. Re1 Bd5 34. Ra4 Rh3 35. Rxa7+ Kf8 36. f4 Rxh4 37. Ree7 Rg4+ 38. Kh2 Rg2+ 39. Kh3 Rg1 40. Rxh7 Rh1+ 41. Kg3 Rxh7 42. Rxh7 Bf7 43. Rh2 Ke7 44. Re2+ Be6 45. Kf3 Kf7 46. Ke3 g5 47. fxg5 fxg5 48. Kd4 Bd5 49. Ke5 Bf3 50. Rd2 g4 51. Rd6 Ke7 52. Rg6 Kf7 53. Rg5 Kf8 54. Ke6 Be2 55. Rf5+ Kg7 56. Rg5+ Kf8 57. Kf6 Bf3 58. Rg7 Ke8 59. Ke6 Bd5+ 60. Kd6 Bf3 61. Ke5 Kd8 62. Ke6 Kc8 63. Kd6 Kb8 64. Rf7 Kc8 65. Rc7+ Kb8 66. Rg7 Kc8 67. Ke5 Kd8 68. Kf5 Ke8 69. Ke5 Kd8 70. Rg5 Kc8 71. Kf4 Kb7 72. Ke3 Ka6 73. Kd4 Kb7 74. Rf5 Bd5 75. Rg5 Bf3 76. Kc3 Kc8 77. Rg7 Kd8 78. Kd4 Kc8 79. Ke3 Kb8 80. Kf2 Kc8 81. Kg3 Kb8 82. Kh4 Kc8 83. Kg5 Kb8 84. Kf6 Kc8 85. Kf5 Kb8 86. Rxg4 Bxg4+ 87. Kxg4 Kb7 88. Kf5 Ka6 89. Ke6 1-0

[Event "Lindores Abbey Tal Mem"]
[Site "Riga LAT"]
[Date "2021.11.08"]
[Round "17.8"]
[White "David Paravyan"]
[Black "Daniil Dubov"]
[Result "0-1"]
[EventDate "?"]
[WhiteElo "2642"]
[BlackElo "2714"]
[PlyCount "84"]

1. g4 g5 2. d4 Bg7 3. Nc3 d5 4. Bxg5 Bxg4 5. Qd3 Nc6 6. O-O-O Qd7 7. Nf3 Nb4 8. Qd2 c5 9. Rg1 Bxf3 10. exf3 cxd4 11. Bb5 Nxa2+ 12. Nxa2 Qxb5 13. Bxe7 Nxe7 14. Rxg7 O-O-O 15. Qxd4 Nc6 16. Qf4 Rd7 17. Rxf7 Rxf7 18. Qxf7 d4 19. Kb1 Qe2 20. Rg1 Re8 21. Nc1 Qe7 22. Qf5+ Qd7 23. Qxd7+ Kxd7 24. Rg7+ Re7 25. Rxe7+ Kxe7 26. Nd3 Ke6 27. Nc5+ Kd5 28. Nxb7 Ne5 29. f4 Ng4 30. h3 Nxf2 31. h4 h5 32. b4 d3 33. Kc1 Ke4 34. Nc5+ Kxf4 35. Nxd3+ Nxd3+ 36. cxd3 Kg4 37. Kd2 Kxh4 38. Ke2 Kg5 39. Kf3 Kf5 40. b5 Ke5 41. Ke3 Kd5 42. d4 h4 0-1

[Event "Lindores Abbey Tal Mem"]
[Site "Riga LAT"]
[Date "2021.11.08"]
[Round "18.8"]
[White "Daniil Dubov"]
[Black "David Paravyan"]
[Result "1-0"]
[EventDate "?"]
[WhiteElo "2714"]
[BlackElo "2642"]
[PlyCount "86"]

1. f3 f6 2. e4 Nh6 3. d4 Nf7 4. Nc3 c6 5. f4 d5 6. Nf3 dxe4 7. Nxe4 g6 8. Bc4 Bg7 9. O-O O-O 10. c3 Nd7 11. Qe2 Nb6 12. Bb3 a5 13. a4 Nd5 14. Bd2 b6 15. Rfe1 Qc7 16. Qf2 e6 17. Qh4 Nh6 18. c4 Nf5 19. Qg4 Nb4 20. Bxb4 axb4 21. c5 Kh8 22. Rad1 e5 23. dxe5 Nd4 24. Qh4 Nxf3+ 25. gxf3 fxe5 26. fxe5 Bxe5 27. Ng5 Bf6 28. Rd6 Bf5 29. Rxf6 Rxf6 30. Nxh7 g5 31. Qd4 Bxh7 32. Qxf6+ Qg7 33. Qxg7+ Kxg7 34. cxb6 Kf6 35. Re6+ Kf5 36. Rxc6 Kf4 37. b7 Rb8 38. Rb6 Kxf3 39. a5 Be4 40. a6 Ke3 41. Re6 Rd8 42. a7 Rd1+ 43. Bxd1 1-0

[Event "Lindores Abbey Tal Mem"]
[Site "Riga LAT"]
[Date "2021.11.08"]
[Round "6.6"]
[White "Maksim Chigaev"]
[Black "Daniil Dubov"]
[Result "0-1"]
[EventDate "?"]
[WhiteElo "2626"]
[BlackElo "2714"]
[PlyCount "66"]

1. c4 c6 2. Nf3 d5 3. e3 Nf6 4. Nc3 g6 5. Be2 Bg7 6. O-O O-O 7. h3 c5 8. d4 Nc6 9. dxc5 dxc4 10. Qa4 Qa5 11. Qxc4 Be6 12. Qb5 Nd5 13. Qxa5 Nxa5 14. Nxd5 Bxd5 15. Bd2 Nc4 16. Bc3 Bxc3 17. bxc3 Rac8 18. Rfd1 Bxf3 19. Bxf3 Ne5 20. Bxb7 Rxc5 21. Rd5 Rxd5 22. Bxd5 Rc8 23. Rb1 Rxc3 24. Rb7 e6 25. Bb3 a5 26. Rb5 Nd3 27. f4 Nc1 28. Kf2 Nxa2 29. Rxa5 Nb4 30. Bd1 Nd5 31. Bf3 Nxe3 32. Re5 Nf5 33. Be4 0-1

[Event "Lindores Abbey Tal Mem"]
[Site "Riga LAT"]
[Date "2021.11.08"]
[Round "5.6"]
[White "Daniil Dubov"]
[Black "Maksim Chigaev"]
[Result "1-0"]
[EventDate "?"]
[WhiteElo "2714"]
[BlackElo "2626"]
[PlyCount "46"]

1. d4 Nf6 2. Nf3 g6 3. c4 Bg7 4. Nc3 d5 5. cxd5 Nxd5 6. e4 Nxc3 7. bxc3 c5 8. Bb5+ Nc6 9. O-O O-O 10. Bxc6 bxc6 11. Qc2 cxd4 12. cxd4 Bg4 13. Ne5 Qxd4 14. Bb2 Qb6 15. Rfb1 Be6 16. Nxg6 hxg6 17. Bxg7 Kxg7 18. Rxb6 axb6 19. Qb2+ Kg8 20. Qxb6 Rfb8 21. Qc7 Rb2 22. h4 Kf8 23. Qe5 1-0

[Event "Lindores Abbey Tal Mem"]
[Site "Riga LAT"]
[Date "2021.11.08"]
[Round "12.3"]
[White "Jeffery Xiong"]
[Black "Daniil Dubov"]
[Result "1-0"]
[EventDate "?"]
[WhiteElo "2687"]
[BlackElo "2714"]
[PlyCount "126"]

1. d4 d5 2. Nf3 Nf6 3. Bf4 g6 4. Nbd2 Bg7 5. h3 O-O 6. e3 c5 7. c3 b6 8. Be2 Nc6 9. O-O Nd7 10. a4 Bb7 11. Qb1 e5 12. dxe5 Ndxe5 13. Nxe5 Nxe5 14. Rd1 Qe7 15. a5 Rad8 16. axb6 axb6 17. Nf3 d4 18. Ra7 Nc6 19. Ra3 Ra8 20. cxd4 cxd4 21. Rb3 Nb4 22. Nxd4 Bd5 23. Ra3 Be4 24. Qc1 Rac8 25. Qd2 Nc2 26. Rc3 Nxd4 27. exd4 Rcd8 28. Bg5 Bf6 29. Bxf6 Qxf6 30. Bf3 Rfe8 31. Bxe4 Rxe4 32. d5 Rd6 33. Rf3 Qe5 34. Re3 Rxe3 35. fxe3 Kg7 36. Qd4 Qxd4 37. Rxd4 Kf6 38. e4 Ke5 39. Rb4 f5 40. exf5 Kxf5 41. Kf2 Ke5 42. Rb5 Kd4 43. b3 h5 44. h4 Ke4 45. Kg3 Ke5 46. Kf3 Rf6+ 47. Ke3 Rd6 48. g3 Rxd5 49. Rxb6 Kf5 50. Rb4 Rd1 51. Rf4+ Ke5 52. Re4+ Kf5 53. Rd4 Rb1 54. Rb4 Ke5 55. Kf3 Rf1+ 56. Kg2 Rb1 57. Rb6 Kf5 58. Kf2 Rb2+ 59. Kf3 Rb1 60. Rb5+ Ke6 61. Kf4 Kf6 62. Rb6+ Kg7 63. Ke4 1-0

[Event "Lindores Abbey Tal Mem"]
[Site "Riga LAT"]
[Date "2021.11.08"]
[Round "11.3"]
[White "Daniil Dubov"]
[Black "Jeffery Xiong"]
[Result "1/2-1/2"]
[EventDate "?"]
[WhiteElo "2714"]
[BlackElo "2687"]
[PlyCount "114"]

1. Nf3 c5 2. c4 Nf6 3. Nc3 d5 4. cxd5 Nxd5 5. e3 Nc6 6. Bb5 Nxc3 7. bxc3 Bd7 8. O-O e6 9. d4 Be7 10. Rb1 O-O 11. Qe2 Qc7 12. Rd1 Rfd8 13. h4 h6 14. Bd3 Na5 15. e4 Ba4 16. Re1 cxd4 17. cxd4 Rac8 18. Bd2 Nc4 19. Bxc4 Qxc4 20. Qxc4 Rxc4 21. Rxb7 Rd7 22. Rxd7 Bxd7 23. Ne5 Rc2 24. Be3 Be8 25. Rb1 f6 26. Rb8 fxe5 27. Rxe8+ Kf7 28. Ra8 exd4 29. Bxd4 Rxa2 30. h5 Ra4 31. Be3 a5 32. Ra7 Ke8 33. f3 Ra1+ 34. Kf2 a4 35. Bd4 Rd1 36. Ra8+ Kf7 37. Be5 a3 38. Ra7 Ke8 39. Ra8+ Kf7 40. Ra7 Ke8 41. Kg3 Rd7 42. Ra6 Kf7 43. Kg4 Rb7 44. g3 Rb5 45. f4 Rb7 46. Kf3 Bf8 47. Kg4 Be7 48. Ra4 Bf8 49. Ra5 Bb4 50. Ra6 Be7 51. f5 exf5+ 52. Kxf5 Rb5 53. Ra7 Ke8 54. Ke6 Rb6+ 55. Kd5 Rb5+ 56. Ke6 Rb6+ 57. Kd5 Rb5+ 1/2-1/2

[Event "Lindores Abbey Tal Mem"]
[Site "Riga LAT"]
[Date "2021.11.08"]
[Round "1.5"]
[White "Manuel Petrosyan"]
[Black "Daniil Dubov"]
[Result "1/2-1/2"]
[EventDate "?"]
[WhiteElo "2599"]
[BlackElo "2714"]
[PlyCount "98"]

1. d4 d5 2. Nf3 Nf6 3. c4 c6 4. e3 Bf5 5. Nc3 e6 6. Nh4 Bg6 7. Be2 Be7 8. Bd2 Nbd7 9. Rc1 dxc4 10. Bxc4 Bh5 11. Be2 Bxe2 12. Qxe2 O-O 13. O-O b5 14. Nf3 Qb6 15. e4 b4 16. Nb1 c5 17. Bg5 cxd4 18. Nbd2 e5 19. Ne1 Nc5 20. Bxf6 Bxf6 21. Nd3 Nxd3 22. Qxd3 Rac8 23. Nc4 Qe6 24. b3 Be7 25. g3 Rc5 26. Rc2 Rfc8 27. f4 exf4 28. gxf4 Bf8 29. Rg2 a5 30. f5 Qf6 31. e5 Rxe5 32. Nxe5 Qxe5 33. Re2 Qf6 34. Qb5 h5 35. Qd5 Rc5 36. Qa8 Re5 37. Rxe5 Qxe5 38. Qf3 Bd6 39. Rf2 d3 40. Kf1 Qa1+ 41. Kg2 Qe5 42. Kf1 Qc3 43. f6 Qc1+ 44. Kg2 Qg5+ 45. Kf1 Qc1+ 46. Kg2 Qg5+ 47. Kf1 Qc1+ 48. Kg2 Qg5+ 49. Kf1 Qc1+ 1/2-1/2

[Event "Lindores Abbey Tal Mem"]
[Site "Riga LAT"]
[Date "2021.11.08"]
[Round "2.5"]
[White "Daniil Dubov"]
[Black "Manuel Petrosyan"]
[Result "1-0"]
[EventDate "?"]
[WhiteElo "2714"]
[BlackElo "2599"]
[PlyCount "218"]

1. d4 Nf6 2. c4 e6 3. Nf3 d5 4. g3 Bb4+ 5. Nc3 O-O 6. Bg2 Ne4 7. O-O Bxc3 8. bxc3 Nxc3 9. Qc2 Ne4 10. Rb1 Nd7 11. Rd1 h6 12. Ne5 Nef6 13. Bf4 c6 14. h4 Re8 15. Bf3 Qe7 16. e3 Nxe5 17. Bxe5 Nd7 18. Bc7 dxc4 19. Qxc4 Nb6 20. Bxb6 axb6 21. Rxb6 e5 22. d5 e4 23. d6 Qd8 24. d7 Bxd7 25. Rxb7 Be6 26. Rxd8 Bxc4 27. Rxa8 Rxa8 28. Bxe4 Bxa2 29. Bxc6 Rd8 30. Kg2 Bd5+ 31. Bxd5 Rxd5 32. g4 g5 33. Kg3 Kg7 34. h5 Rd1 35. Kg2 Ra1 36. Rb6 Ra4 37. Kg3 Rc4 38. Rd6 Ra4 39. Rd4 Ra2 40. Kf3 Rb2 41. Ra4 Rc2 42. Ra1 Rb2 43. Re1 Rb3 44. Ke4 Rb4+ 45. Kf3 Kf6 46. Re2 Kg7 47. Rd2 Ra4 48. Rd4 Ra2 49. Kg3 Rb2 50. Kf3 Ra2 51. Rd1 Ra4 52. Rd2 Rb4 53. Kg3 Rb3 54. Re2 Ra3 55. f3 Kf6 56. Kf2 Kg7 57. Rd2 Rb3 58. Ke2 Ra3 59. Rc2 Rb3 60. Kd2 Rb1 61. Kd3 Rb4 62. Rc4 Rb3+ 63. Ke4 Rb5 64. Rd4 Ra5 65. Rd5 Ra3 66. Rd3 Ra4+ 67. Ke5 Ra5+ 68. Rd5 Ra3 69. Ke4 Ra4+ 70. Kf5 Ra3 71. Re5 Ra6 72. Re7 Rf6+ 73. Ke4 Ra6 74. Rd7 Ra4+ 75. Rd4 Ra3 76. f4 gxf4 77. exf4 Ra5 78. Rd5 Ra1 79. Kf5 Rf1 80. Rd6 Rf2 81. Rd1 Rf3 82. Ke5 Re3+ 83. Kf5 Rf3 84. Rd6 Rf1 85. g5 hxg5 86. h6+ Kh7 87. Kxg5 Rg1+ 88. Kf5 Rg2 89. Rd7 Kxh6 90. Rxf7 Ra2 91. Re7 Ra1 92. Kf6 Ra6+ 93. Re6 Ra1 94. Re7 Ra6+ 95. Kf5 Ra5+ 96. Kf6 Ra6+ 97. Re6 Ra1 98. f5 Kh7 99. Kf7 Ra8 100. Re1 Ra7+ 101. Re7 Ra8 102. Rb7 Kh6 103. f6 Ra6 104. Ke7 Ra1 105. f7 Re1+ 106. Kf8 Kh7 107. Rb2 Ra1 108. Rh2+ Kg6 109. Kg8 1-0

[Event "Lindores Abbey Tal Mem"]
[Site "Riga LAT"]
[Date "2021.11.08"]
[Round "13.7"]
[White "Samuel Sevian"]
[Black "Daniil Dubov"]
[Result "1-0"]
[EventDate "?"]
[WhiteElo "2668"]
[BlackElo "2714"]
[PlyCount "120"]

1. e4 c5 2. Nf3 d6 3. d4 cxd4 4. Nxd4 Nf6 5. Nc3 Nc6 6. Bc4 e6 7. Be3 a6 8. Qe2 Be7 9. O-O-O Nxd4 10. Bxd4 b5 11. Bb3 Bb7 12. f3 O-O 13. g4 b4 14. Na4 Nd7 15. Qf2 Qa5 16. Nb6 Nxb6 17. Bxb6 Qb5 18. Bc7 a5 19. Qb6 Bc6 20. Qxb5 Bxb5 21. c4 bxc3 22. Bxd6 Bxd6 23. Rxd6 a4 24. Bc2 cxb2+ 25. Kxb2 a3+ 26. Ka1 Rfc8 27. Bd3 Bxd3 28. Rxd3 Rc2 29. Rhd1 g5 30. h3 Kg7 31. Rb3 Rh2 32. Rdd3 Rh1+ 33. Rb1 Rxh3 34. Rbb3 h5 35. gxh5 Rh1+ 36. Rb1 Rxh5 37. Rbb3 Rh1+ 38. Rb1 Rh3 39. Rbb3 Kf6 40. Rdc3 Ke5 41. f4+ Kxf4 42. Rxh3 g4 43. Rh7 f5 44. exf5 exf5 45. Rg7 Ke5 46. Kb1 Kf6 47. Rc7 Kg5 48. Kc2 f4 49. Rg7+ Kh4 50. Rh7+ Kg5 51. Rb5+ Kg6 52. Rhh5 g3 53. Rhg5+ Kh6 54. Kd3 Re8 55. Rg4 Re3+ 56. Kd4 Rf3 57. Rf5 Rf1 58. Rfxf4 g2 59. Rh4+ Kg5 60. Rfg4+ 1-0